[Event "CAN-ch"]
[Site "Kingston CAN"]
[Date "2019.04.21"]
[Round "6.5"]
[White "Tremblay, Rejean"]
[Black "Plotkin, Victor"]
[Result "1/2-1/2"]
[WhiteElo "2146"]
[BlackElo "2304"]
[PlyCount "61"]
[EventDate "2019.04.18"]
[EventType "swiss"]
[EventRounds "9"]
[EventCountry "CAN"]

1. d4 Nf6 2. c4 e6 3. Nf3 b6 4. a3 Be7 5. Nc3 d5 6. cxd5 exd5 7. g3 O-O 8. Bg2
Bb7 9. Bg5 h6 10. Bf4 Nbd7 11. Ne5 Nxe5 12. Bxe5 c5 13. dxc5 Bxc5 14. O-O Ne4
15. e3 Qe7 16. Bd4 Rfd8 17. Re1 Qe6 18. Rc1 Rac8 19. Bxc5 Nxc3 20. Rxc3 bxc5
21. Qd2 Qb6 22. Rd3 Rd6 23. Rd1 Rcd8 24. h3 Kf8 25. b4 c4 26. Rd4 Ke7 27. Qc3
f6 28. Rg4 Kf8 29. Qc2 Bc8 30. Rgd4 Be6 31. h4 1/2-1/2

[Event "CAN-ch"]
[Site "Kingston CAN"]
[Date "2019.04.21"]
[Round "6.6"]
[White "Masse, Hugues"]
[Black "Thavandiran, Shiyam"]
[Result "0-1"]
[WhiteElo "2163"]
[BlackElo "2412"]
[PlyCount "78"]
[EventDate "2019.04.18"]
[EventType "swiss"]
[EventRounds "9"]
[EventCountry "CAN"]

1. e4 c6 2. d4 d5 3. e5 Bf5 4. Nf3 e6 5. Be2 Ne7 6. O-O h6 7. Nbd2 Nd7 8. Nb3
Qc7 9. Bd2 a5 10. a4 g5 11. c4 Bg7 12. cxd5 Nxd5 13. Rc1 O-O 14. h4 g4 15. Ne1
f6 16. Bxg4 fxe5 17. Bxf5 Rxf5 18. dxe5 Qxe5 19. Nxa5 Qxb2 20. Nc4 Qd4 21. Nd6
Rf6 22. Nf3 Rxf3 23. Qxf3 Ne5 24. Qh3 Qxd2 25. Qxe6+ Kh8 26. Ne8 Nf4 27. Qe7
Qd7 28. Qxd7 Nxd7 29. Rcd1 Nc5 30. Nxg7 Kxg7 31. Rfe1 Nd5 32. g3 Nxa4 33. Rd4
Nc5 34. Rc4 Nd7 35. Rb1 Ra7 36. Rg4+ Kf7 37. h5 Ne5 38. Re4 Nf3+ 39. Kg2 Nd2
0-1

[Event "CAN-ch"]
[Site "Kingston CAN"]
[Date "2019.04.21"]
[Round "6.7"]
[White "Doknjas, Joshua"]
[Black "Tanaka, Tyler"]
[Result "1-0"]
[WhiteElo "2203"]
[BlackElo "2067"]
[PlyCount "101"]
[EventDate "2019.04.18"]
[EventType "swiss"]
[EventRounds "9"]
[EventCountry "CAN"]

1. d4 Nf6 2. c4 g6 3. Nc3 c5 4. Nf3 Bg7 5. e4 cxd4 6. Nxd4 Nc6 7. Be3 O-O 8.
Be2 d6 9. O-O Bd7 10. Nc2 a5 11. Rc1 a4 12. Na3 Qa5 13. f4 Rfc8 14. c5 Qb4 15.
Nc4 Ng4 16. a3 Nxe3 17. axb4 Nxd1 18. Rfxd1 Bd4+ 19. Kf1 dxc5 20. Nb6 cxb4 21.
Ncxa4 Be3 22. Rb1 Be6 23. Rd3 Rxa4 24. Rxe3 Rca8 25. Nxa8 Rxa8 26. Rd3 Ra2 27.
Ke1 b3 28. Rc3 Ra4 29. Bf3 Kg7 30. Kf2 Ra2 31. Ke3 Na5 32. Be2 f5 33. Bb5 fxe4
34. h3 h5 35. Rc5 Kf6 36. Be2 h4 37. Bb5 Bf5 38. Rc3 Be6 39. Be2 Ra4 40. Rc7
Ra2 41. Bb5 Bf5 42. Rcc1 b6 43. Rc7 Be6 44. Kd4 e3 45. Kc3 Bd5 46. Re1 Bxg2 47.
Rxe3 e6 48. Be8 e5 49. Rxe5 g5 50. Rf7+ Kg6 51. f5+ 1-0

[Event "CAN-ch"]
[Site "Kingston CAN"]
[Date "2019.04.21"]
[Round "6.8"]
[White "Chen, Max"]
[Black "Hua, Eugene"]
[Result "0-1"]
[WhiteElo "2070"]
[BlackElo "2329"]
[PlyCount "66"]
[EventDate "2019.04.18"]
[EventType "swiss"]
[EventRounds "9"]
[EventCountry "CAN"]

1. e4 c5 2. Nf3 d6 3. Bb5+ Nd7 4. O-O a6 5. Bd3 Ngf6 6. c3 b5 7. Bc2 Bb7 8. Re1
c4 9. b3 e6 10. Qe2 Rc8 11. Nd4 Be7 12. a4 O-O 13. Na3 cxb3 14. Nxb3 bxa4 15.
Nd4 Nb6 16. Rb1 Rc5 17. Nc4 Rxc4 18. Rxb6 Qxb6 19. Qxc4 Nxe4 20. Bxe4 Bxe4 21.
Rxe4 d5 22. Qc6 Qxc6 23. Nxc6 dxe4 24. Nxe7+ Kh8 25. Nc6 Rc8 26. Nb4 a5 27. Na2
Rb8 28. c4 Rb1 29. f3 Ra1 30. fxe4 Rxa2 31. c5 Ra1 32. d4 Rxc1+ 33. Kf2 a3 0-1

[Event "CAN-ch"]
[Site "Kingston CAN"]
[Date "2019.04.21"]
[Round "6.9"]
[White "Chen, Richard"]
[Black "Findlay, Ian"]
[Result "1/2-1/2"]
[WhiteElo "2317"]
[BlackElo "2233"]
[PlyCount "78"]
[EventDate "2019.04.18"]
[EventType "swiss"]
[EventRounds "9"]
[EventCountry "CAN"]

1. e4 c5 2. Nf3 d6 3. Bb5+ Bd7 4. Bxd7+ Qxd7 5. c4 Nf6 6. Nc3 e6 7. O-O Nc6 8.
d4 cxd4 9. Nxd4 Be7 10. Be3 O-O 11. Qe2 Nxd4 12. Bxd4 Qc6 13. f3 Rfe8 14. Rac1
Nd7 15. b3 a6 16. Kh1 Rad8 17. Qf2 Bf6 18. Rfd1 Bxd4 19. Qxd4 Ne5 20. f4 Ng6
21. Qf2 b5 22. cxb5 axb5 23. f5 Ne5 24. f6 Qb7 25. Qg3 Ng6 26. fxg7 b4 27. Na4
Qxe4 28. Rxd6 Rxd6 29. Qxd6 Kxg7 30. Nc5 Qf4 31. Qxf4 Nxf4 32. Rc4 Nd5 33. Na6
Ra8 34. Nxb4 Nxb4 35. Rxb4 Rxa2 36. h3 Rb2 37. Kh2 h5 38. Kg3 Kg6 39. Kf3 Kf5
1/2-1/2

[Event "CAN-ch"]
[Site "Kingston CAN"]
[Date "2019.04.21"]
[Round "6.10"]
[White "Rodrigue-Lemieux, Shawn"]
[Black "Saha, Ananda"]
[Result "1/2-1/2"]
[WhiteElo "2282"]
[BlackElo "2073"]
[PlyCount "135"]
[EventDate "2019.04.18"]
[EventType "swiss"]
[EventRounds "9"]
[EventCountry "CAN"]

1. a3 g6 2. h4 Nf6 3. d4 Bg7 4. Nc3 d5 5. Bf4 c5 6. e3 O-O 7. Be2 cxd4 8. exd4
Nc6 9. Nf3 Ne4 10. h5 Nxd4 11. Nxd4 Nxc3 12. bxc3 e5 13. hxg6 fxg6 14. Be3 exd4
15. Bxd4 Bxd4 16. Qxd4 Qf6 17. Qxd5+ Be6 18. Qd4 Qxd4 19. cxd4 Rac8 20. Rc1 Rf4
21. O-O Rxd4 22. Rfe1 Rc3 23. Bf3 Kf7 24. Bxb7 Rxa3 25. Bf3 a5 26. Rb1 Rb4 27.
Rbd1 Bf5 28. c4 Rc3 29. Bd5+ Kf6 30. f4 a4 31. Bg8 Rb6 32. Rd8 Rb1 33. Kf2 Rxe1
34. Kxe1 a3 35. Ra8 Be4 36. Ra7 Kf5 37. Kd2 Rd3+ 38. Ke2 Rc3 39. Bxh7 Kxf4 40.
Rf7+ Ke5 41. c5 Kd4 42. Ra7 Rc2+ 43. Kd1 Rc3 44. Kd2 Rg3 45. Ra4+ Ke5 46. c6
Rxg2+ 47. Kc3 Bxc6 48. Ra5+ Kf4 49. Bxg6 Rxg6 50. Rxa3 Be4 51. Ra5 Ke3 52. Kb4
Kd4 53. Rb5 Bd5 54. Rb8 Rg1 55. Rb6 Rb1+ 56. Ka5 Ra1+ 57. Kb4 Ra2 58. Rb5 Bc4
59. Rb6 Kd5 60. Kc3 Ra3+ 61. Kb4 Rb3+ 62. Ka5 Rh3 63. Kb4 Rg3 64. Ka5 Kc5 65.
Rb5+ Kc6 66. Rb6+ Kd5 67. Kb4 Rb3+ 68. Ka5 1/2-1/2

[Event "CAN-ch"]
[Site "Kingston CAN"]
[Date "2019.04.21"]
[Round "6.11"]
[White "Munro, Allan"]
[Black "Zhou, Qiyu"]
[Result "1/2-1/2"]
[WhiteElo "2019"]
[BlackElo "2246"]
[PlyCount "109"]
[EventDate "2019.04.18"]
[EventType "swiss"]
[EventRounds "9"]
[EventCountry "CAN"]

1. e4 e5 2. Nf3 Nc6 3. Bb5 a6 4. Ba4 Nf6 5. O-O Be7 6. Re1 b5 7. Bb3 d6 8. c3
O-O 9. h3 Nb8 10. d4 Nbd7 11. Bc2 c6 12. Nbd2 Re8 13. Nf1 Bf8 14. Ng3 g6 15. a4
Bb7 16. Qe2 Qc7 17. Be3 Bg7 18. axb5 axb5 19. dxe5 dxe5 20. b4 Nf8 21. Bb3 h6
22. Red1 Ne6 23. Ne1 Nf4 24. Qc2 Red8 25. f3 Bf8 26. c4 Bxb4 27. cxb5 c5 28.
Ne2 Nxe2+ 29. Qxe2 Kg7 30. Nc2 Rxa1 31. Rxa1 Bc3 32. Rb1 Rd7 33. Qf2 Bd4 34.
Bc4 Qa5 35. Nxd4 cxd4 36. Bd2 Qa4 37. Bd3 Rc7 38. Qh4 h5 39. Qg5 Qa2 40. Bb4
Qe6 41. Kh2 Rc8 42. Ra1 Qb3 43. Qd2 Ra8 44. Rxa8 Bxa8 45. Bd6 Nd7 46. Qe2 Bb7
47. Bc4 Qb1 48. Ba2 Qc1 49. Qd3 h4 50. Qb3 Qf4+ 51. Kg1 d3 52. Qxd3 Qc1+ 53.
Kh2 Qf4+ 54. Kg1 Qc1+ 55. Kh2 1/2-1/2

[Event "CAN-ch"]
[Site "Kingston CAN"]
[Date "2019.04.21"]
[Round "6.13"]
[White "Gordon, David"]
[Black "Noritsyn, Sergey"]
[Result "0-1"]
[WhiteElo "2185"]
[BlackElo "2159"]
[PlyCount "100"]
[EventDate "2019.04.18"]
[EventType "swiss"]
[EventRounds "9"]
[EventCountry "CAN"]

1. d4 Nf6 2. Bg5 e6 3. e4 c5 4. d5 d6 5. Nc3 a6 6. dxe6 fxe6 7. e5 dxe5 8.
Qxd8+ Kxd8 9. Nf3 Nc6 10. O-O-O+ Kc7 11. Bd3 b5 12. Rhe1 c4 13. Bf1 Bd6 14. a4
Rb8 15. Bh4 Nd5 16. Ne4 Be7 17. Bxe7 Ndxe7 18. axb5 axb5 19. Neg5 Ng6 20. Rd2
Ra8 21. Kb1 Ra7 22. Nf7 Rf8 23. N7xe5 Ngxe5 24. Nxe5 Nxe5 25. Rxe5 Bd7 26. c3
Be8 27. b4 Bg6+ 28. Kb2 Rfa8 29. Rc5+ Kb6 30. Rd6+ Kb7 31. Rd7+ Kb6 32. Rxa7
Rxa7 33. Be2 Rd7 34. Kc1 Be4 35. g3 Bd5 36. Rc8 Rf7 37. f4 g5 38. Bh5 Rf6 39.
fxg5 Rf1+ 40. Kd2 Rf2+ 41. Ke3 Rxh2 42. Be2 Rg2 43. Rh8 Rxg3+ 44. Kf4 Rxc3 45.
Rxh7 Rc1 46. g6 c3 47. g7 c2 48. Bg4 Rf1+ 49. Ke5 c1=Q 50. g8=Q Qf4# 0-1

[Event "CAN-ch"]
[Site "Kingston CAN"]
[Date "2019.04.21"]
[Round "6.14"]
[White "Yao, Houji"]
[Black "Desforges, Jean"]
[Result "1-0"]
[WhiteElo "2018"]
[BlackElo "2235"]
[PlyCount "75"]
[EventDate "2019.04.18"]
[EventType "swiss"]
[EventRounds "9"]
[EventCountry "CAN"]

1. e4 d5 2. exd5 Nf6 3. Nf3 Nxd5 4. d4 g6 5. c4 Nb6 6. Nc3 Bg7 7. c5 Nd5 8. Bc4
c6 9. O-O O-O 10. Re1 b6 11. Bg5 Re8 12. Qb3 Bb7 13. Rad1 h6 14. Bh4 g5 15. Bg3
e6 16. Ne4 Ba6 17. Bxa6 Nxa6 18. Nd6 Re7 19. Qa4 Nab4 20. a3 b5 21. Qb3 Na6 22.
h4 f6 23. hxg5 hxg5 24. Qd3 Nac7 25. b4 Ne8 26. Ne4 Bh6 27. Nc3 Nxc3 28. Qxc3
Bg7 29. Nd2 Nc7 30. Bd6 Re8 31. Qh3 f5 32. Qh5 Nd5 33. Nf3 Nf6 34. Qg6 Ne4 35.
Rxe4 fxe4 36. Nxg5 Re7 37. Qh7+ Kf8 38. Nxe6+ 1-0

[Event "CAN-ch"]
[Site "Kingston CAN"]
[Date "2019.04.21"]
[Round "6.15"]
[White "Li, William"]
[Black "Wiebe, Isaac"]
[Result "1-0"]
[WhiteElo "2096"]
[BlackElo "2053"]
[PlyCount "43"]
[EventDate "2019.04.18"]
[EventType "swiss"]
[EventRounds "9"]
[EventCountry "CAN"]

1. e4 e6 2. d4 d5 3. Nd2 Nf6 4. e5 Nfd7 5. f4 c5 6. c3 Nc6 7. Ndf3 Qb6 8. g3
cxd4 9. cxd4 g5 10. fxg5 Bb4+ 11. Kf2 Ndxe5 12. Nxe5 Nxe5 13. Kg2 Ng6 14. Nf3
O-O 15. Bd3 Bd7 16. h4 Bb5 17. Bb1 Rfe8 18. h5 Ne7 19. g6 fxg6 20. hxg6 hxg6
21. Ne5 Nf5 22. Qg4 1-0

[Event "CAN-ch"]
[Site "Kingston CAN"]
[Date "2019.04.21"]
[Round "6.16"]
[White "Zhong, Kevin"]
[Black "Rusonik, Max"]
[Result "0-1"]
[WhiteElo "1987"]
[BlackElo "1900"]
[PlyCount "158"]
[EventDate "2019.04.18"]
[EventType "swiss"]
[EventRounds "9"]
[EventCountry "CAN"]

1. e4 e5 2. Nf3 Nc6 3. Bc4 Bc5 4. c3 Nf6 5. d3 d6 6. Bb3 a6 7. Nbd2 O-O 8. O-O
Ba7 9. h3 h6 10. Re1 Nh5 11. Nf1 Qf6 12. Be3 Nf4 13. Ng3 g5 14. Nh2 Kh8 15.
Nhf1 Qg6 16. Bxa7 Rxa7 17. Ne3 Ne7 18. d4 Ra8 19. Bc2 f6 20. Ngf5 Bxf5 21. Nxf5
Rae8 22. Kh2 Ne6 23. d5 Ng7 24. Nxe7 Rxe7 25. g4 Ne8 26. Kg2 Rh7 27. f3 h5 28.
Qe2 Rff7 29. Rh1 Rfg7 30. c4 Qf7 31. b4 c6 32. c5 Qc7 33. Ba4 Qc8 34. Rac1 Rc7
35. Rhd1 cxd5 36. exd5 b5 37. Bc2 Rhe7 38. Bg6 h4 39. Qe3 Qd8 40. c6 Ra7 41.
Bb1 a5 42. bxa5 Qxa5 43. Qe4 Qa4 44. Qe3 Qf4 45. Qxf4 exf4 46. Re1 Re5 47. Rxe5
fxe5 48. Rd1 Kg7 49. Rd2 Nc7 50. Be4 Kf6 51. Kf2 Ke7 52. Ke2 Kd8 53. Rb2 Ra3
54. Kd2 Kc8 55. Bf5+ Kd8 56. Be4 Kc8 57. Bf5+ Kb8 58. Bd3 Ra5 59. a4 Rxa4 60.
Bxb5 Rd4+ 61. Bd3+ Kc8 62. Rb7 Nxd5 63. Ke2 Nc3+ 64. Kd2 Na4 65. Kc2 Rxd3 66.
Kxd3 Nc5+ 67. Kc4 Nxb7 68. cxb7+ Kxb7 69. Kd5 Kc7 70. Ke4 Kc6 71. Kf5 d5 72.
Kxg5 d4 73. Kf6 d3 74. g5 d2 75. g6 d1=Q 76. g7 Qg1 77. Kf7 e4 78. g8=Q Qxg8+
79. Kxg8 exf3 0-1

[Event "CAN-ch"]
[Site "Kingston CAN"]
[Date "2019.04.21"]
[Round "6.17"]
[White "Javidfard, Amirsalar"]
[Black "Huang, Qiuyu"]
[Result "0-1"]
[WhiteElo "2024"]
[BlackElo "2145"]
[PlyCount "92"]
[EventDate "2019.04.18"]
[EventType "swiss"]
[EventRounds "9"]
[EventCountry "CAN"]

1. d4 f5 2. e4 fxe4 3. Nc3 Nf6 4. Bg5 Nc6 5. f3 e5 6. d5 Nd4 7. Nxe4 Be7 8.
Bxf6 Bxf6 9. d6 c6 10. Nh3 O-O 11. Bc4+ Kh8 12. c3 Nf5 13. Qd2 b6 14. O-O-O g6
15. Nhg5 Nxd6 16. Qxd6 Bxg5+ 17. Kb1 Rf5 18. g4 Be7 19. gxf5 Bxd6 20. Nxd6 Qf6
21. Rhg1 a5 22. fxg6 hxg6 23. Rg3 Ba6 24. Rh3+ Kg7 25. Bxa6 b5 26. a4 Qe6 27.
Rg3 Rxa6 28. Ne4 d5 29. Nc5 Qf5+ 30. Ka2 Rb6 31. Rd2 bxa4 32. Rg5 Qxg5 33. Ne6+
Kf6 34. Nxg5 Kxg5 35. Rg2+ Kf4 36. Rxg6 Kxf3 37. h4 e4 38. h5 e3 39. h6 Rb8 40.
h7 Rh8 41. Rf6+ Kg2 42. Rg6+ Kf1 43. Kb1 e2 44. Rf6+ Kg2 45. Rg6+ Kf2 46. Rf6+
Ke3 0-1

[Event "CAN-ch"]
[Site "Kingston CAN"]
[Date "2019.04.21"]
[Round "7.1"]
[White "Bareev, Evgeny"]
[Black "Noritsyn, Nikolay"]
[Result "1-0"]
[WhiteElo "2642"]
[BlackElo "2489"]
[PlyCount "89"]
[EventDate "2019.04.18"]
[EventType "swiss"]
[EventRounds "9"]
[EventCountry "CAN"]

1. d4 d5 2. c4 dxc4 3. e4 Nf6 4. e5 Nd5 5. Bxc4 Nb6 6. Bd3 Nc6 7. Ne2 Bg4 8. f3
Bh5 9. Nbc3 e6 10. Be3 Bg6 11. Be4 Be7 12. O-O Bxe4 13. fxe4 O-O 14. b3 f6 15.
Nf4 Qd7 16. d5 Nxe5 17. Nxe6 Rfe8 18. a4 Bb4 19. Nb5 Bd6 20. Nbd4 Bf8 21. a5
Nc8 22. Rc1 Bd6 23. Nf5 Rxe6 24. dxe6 Qxe6 25. Qd5 Qxd5 26. exd5 Nd3 27. Nxd6
Nxc1 28. Nxc8 Nxb3 29. Nxa7 Nxa5 30. Rc1 Rd8 31. Rc5 b6 32. Rxc7 Rxd5 33. Nc8
Re5 34. Bd4 Re6 35. Ne7+ Kf7 36. Nf5+ Kg6 37. g4 Kg5 38. Rxg7+ Kf4 39. Kf2 Nc4
40. Rxh7 Kxg4 41. Ne3+ Nxe3 42. Bxe3 Rc6 43. h3+ Kf5 44. Kf3 Kg6 45. Rb7 1-0

[Event "CAN-ch"]
[Site "Kingston CAN"]
[Date "2019.04.21"]
[Round "7.2"]
[White "Dukic, Zachary"]
[Black "Plotkin, Mark"]
[Result "0-1"]
[WhiteElo "2167"]
[BlackElo "2326"]
[PlyCount "70"]
[EventDate "2019.04.18"]
[EventType "swiss"]
[EventRounds "9"]
[EventCountry "CAN"]

1. e4 g6 2. d4 Bg7 3. Nc3 d6 4. f4 Nf6 5. Nf3 O-O 6. Be3 c5 7. dxc5 Qa5 8. Bd3
dxc5 9. Bd2 Nc6 10. e5 Ng4 11. Qe2 Nb4 12. Be4 f5 13. Bd5+ Kh8 14. Bb3 Bd7 15.
a3 Nc6 16. h3 Nh6 17. Na4 Qc7 18. Nxc5 Na5 19. Ne6 Bxe6 20. Bxe6 Qb6 21. Bxa5
Qxa5+ 22. Qd2 Qb6 23. Bb3 Rad8 24. Qf2 Qa5+ 25. Kf1 Qb5+ 26. Kg1 a5 27. Nd4 Qa6
28. a4 g5 29. Ne6 gxf4 30. Qxf4 Qe2 31. Bc4 Qxc2 32. Rc1 Qxb2 33. Nxg7 Rd2 34.
Qf1 Qd4+ 35. Kh2 Qxe5+ 0-1

[Event "CAN-ch"]
[Site "Kingston CAN"]
[Date "2019.04.21"]
[Round "7.3"]
[White "Hambleton, Aman"]
[Black "Doknjas, Joshua"]
[Result "1-0"]
[WhiteElo "2484"]
[BlackElo "2203"]
[PlyCount "69"]
[EventDate "2019.04.18"]
[EventType "swiss"]
[EventRounds "9"]
[EventCountry "CAN"]

1. d4 Nf6 2. c4 e6 3. Nc3 Bb4 4. e3 O-O 5. Nge2 Re8 6. a3 Bf8 7. Ng3 d5 8. Be2
b6 9. b4 c5 10. dxc5 bxc5 11. bxc5 Bxc5 12. cxd5 exd5 13. O-O Be6 14. Bb2 Nbd7
15. Nb5 Bb6 16. a4 Nc5 17. Bxf6 Qxf6 18. a5 Bd8 19. Qc2 Qe7 20. Rfc1 Nd7 21.
Qc6 Rb8 22. Nxa7 Ne5 23. Qa6 Qb4 24. f4 Qb2 25. fxe5 Bg5 26. Nf1 Ra8 27. Qb5
Reb8 28. Qxb2 Rxb2 29. Nb5 Rxe2 30. a6 Rb2 31. Nc7 Ra7 32. Rcb1 Rxb1 33. Rxb1
Bd8 34. Rb8 Kf8 35. Nxe6+ 1-0

[Event "CAN-ch"]
[Site "Kingston CAN"]
[Date "2019.04.21"]
[Round "7.5"]
[White "Thavandiran, Shiyam"]
[Black "Hua, Eugene"]
[Result "1-0"]
[WhiteElo "2412"]
[BlackElo "2329"]
[PlyCount "169"]
[EventDate "2019.04.18"]
[EventType "swiss"]
[EventRounds "9"]
[EventCountry "CAN"]

1. e4 c5 2. Nf3 e6 3. d4 cxd4 4. Nxd4 Nc6 5. Nc3 Qc7 6. Be2 a6 7. O-O Nf6 8.
Be3 Be7 9. f4 d6 10. Kh1 O-O 11. Qe1 Nxd4 12. Bxd4 b5 13. Qg3 Bb7 14. a3 Bc6
15. Rae1 Rad8 16. Bd3 Qd7 17. Nd1 Nh5 18. Qg4 Nf6 19. Qg3 Nh5 20. Qg4 Nf6 21.
Qe2 Qc7 22. Qe3 Nd7 23. Qg3 Nf6 24. e5 dxe5 25. Bxe5 Qb7 26. Ne3 Be4 27. Bxf6
Bxf6 28. Ng4 Bxd3 29. Nxf6+ Kh8 30. cxd3 gxf6 31. Qh4 Qe7 32. Re3 Rg8 33. f5
Rg5 34. Rh3 h5 35. fxe6 fxe6 36. Rhf3 Kg7 37. Qf2 Rg6 38. Rc1 Qd7 39. Qc5 Rg5
40. Qf2 Rg6 41. h3 Rc8 42. Rf1 Qe7 43. Re1 Qd7 44. Rg3 Rxg3 45. Qxg3+ Kf7 46.
Qh4 Rc5 47. Rf1 Qe7 48. Qe4 Kg7 49. d4 Rd5 50. Re1 Qd7 51. Qxe6 Qxe6 52. Rxe6
a5 53. Re4 b4 54. axb4 axb4 55. Kg1 f5 56. Rf4 Ra5 57. Rf1 Ra2 58. Rxf5 Rxb2
59. Rxh5 Rd2 60. Rb5 Rxd4 61. Kh2 Kf6 62. Kg3 Rd3+ 63. Kh4 b3 64. g4 Rc3 65.
g5+ Kg6 66. Rb6+ Kf5 67. Rf6+ Ke5 68. Rb6 Kf5 69. Rf6+ Ke5 70. Rf8 b2 71. Rb8
Rc2 72. Kh5 Rh2 73. h4 Kf5 74. Rb6 Rc2 75. Rb5+ Ke6 76. Kh6 Rc8 77. Rxb2 Rh8+
78. Kg6 Rxh4 79. Re2+ Kd7 80. Kg7 Rg4 81. g6 Rg1 82. Kf7 Rf1+ 83. Kg8 Rg1 84.
g7 Rg3 85. Rh2 1-0

[Event "CAN-ch"]
[Site "Kingston CAN"]
[Date "2019.04.21"]
[Round "7.8"]
[White "Noritsyn, Sergey"]
[Black "Chen, Richard"]
[Result "1-0"]
[WhiteElo "2159"]
[BlackElo "2317"]
[PlyCount "49"]
[EventDate "2019.04.18"]
[EventType "swiss"]
[EventRounds "9"]
[EventCountry "CAN"]

1. e4 c5 2. Nf3 e6 3. c3 Nf6 4. e5 Nd5 5. d4 cxd4 6. cxd4 d6 7. Bc4 Nc6 8. O-O
Be7 9. Qe2 O-O 10. Nc3 dxe5 11. dxe5 Nxc3 12. bxc3 Qa5 13. Bd2 Rd8 14. Rfd1 Bd7
15. Qe4 Qa4 16. Ng5 g6 17. Nxf7 Na5 18. Nxd8 Nxc4 19. Nxb7 Bc6 20. Qg4 Bd5 21.
Nd6 Qa6 22. Nxc4 Bxc4 23. Qg3 Be2 24. Re1 Rd8 25. Bg5 1-0

[Event "CAN-ch"]
[Site "Kingston CAN"]
[Date "2019.04.21"]
[Round "7.9"]
[White "Tanaka, Tyler"]
[Black "Rodrigue-Lemieux, Shawn"]
[Result "1/2-1/2"]
[WhiteElo "2067"]
[BlackElo "2282"]
[PlyCount "88"]
[EventDate "2019.04.18"]
[EventType "swiss"]
[EventRounds "9"]
[EventCountry "CAN"]

1. Nf3 g6 2. c4 Bg7 3. d4 d6 4. Nc3 Nd7 5. e4 e5 6. Be2 Ne7 7. d5 O-O 8. Bg5 h6
9. Bxe7 Qxe7 10. g4 f5 11. gxf5 gxf5 12. Nd2 Nc5 13. Qc2 fxe4 14. Ndxe4 Bf5 15.
O-O-O Qh4 16. f3 Bxe4 17. Nxe4 Nxe4 18. Qxe4 Rf4 19. Qg6 Qg5 20. Qxg5 hxg5 21.
Rhg1 Kf7 22. Rg3 Rh8 23. h3 Bf6 24. b3 a5 25. a3 Rhh4 26. Bd3 a4 27. Be4 axb3
28. Kb2 Rh8 29. Kxb3 Rfh4 30. Rh1 Ra8 31. a4 Ra6 32. Rb1 Rh8 33. Ka3 b6 34. Kb3
Rha8 35. Ra1 Ra5 36. Ra2 Be7 37. Rgg2 Kf6 38. Rg3 Rh8 39. Rag2 Kf7 40. Ra2 Rh4
41. Rh2 Ra8 42. Ra2 Rf8 43. Rb2 Rf4 44. Ra2 Ra8 1/2-1/2

[Event "CAN-ch"]
[Site "Kingston CAN"]
[Date "2019.04.21"]
[Round "7.10"]
[White "Zhou, Qiyu"]
[Black "Yao, Houji"]
[Result "1/2-1/2"]
[WhiteElo "2246"]
[BlackElo "2018"]
[PlyCount "35"]
[EventDate "2019.04.18"]
[EventType "swiss"]
[EventRounds "9"]
[EventCountry "CAN"]

1. e4 c5 2. Nf3 e6 3. d4 cxd4 4. Nxd4 Nc6 5. Nc3 Qc7 6. Be3 a6 7. Qd2 Nf6 8. f4
Bb4 9. Bd3 Na5 10. a3 Bxc3 11. Qxc3 Qxc3+ 12. bxc3 d5 13. e5 Ne4 14. Nb3 Nc4
15. Bxc4 dxc4 16. Na5 Bd7 17. Nxb7 Bc6 18. Nd6+ 1/2-1/2

[Event "CAN-ch"]
[Site "Kingston CAN"]
[Date "2019.04.21"]
[Round "7.11"]
[White "Findlay, Ian"]
[Black "Munro, Allan"]
[Result "1-0"]
[WhiteElo "2233"]
[BlackElo "2019"]
[PlyCount "71"]
[EventDate "2019.04.18"]
[EventType "swiss"]
[EventRounds "9"]
[EventCountry "CAN"]

1. e4 c6 2. d4 d5 3. Nc3 dxe4 4. Nxe4 Bf5 5. Ng3 Bg6 6. h4 h6 7. Nf3 Nd7 8. h5
Bh7 9. Bd3 Bxd3 10. Qxd3 e6 11. Bd2 Ngf6 12. O-O-O Be7 13. Ne4 Nxe4 14. Qxe4
Nf6 15. Qd3 c5 16. Qb5+ Qd7 17. Qxd7+ Nxd7 18. Be3 Rc8 19. Ne5 Nf6 20. f3 O-O
21. g4 Rfd8 22. dxc5 Nd5 23. Bd4 Bxc5 24. Rhe1 Be7 25. Kb1 a6 26. c4 Nb4 27.
Bc3 Nc6 28. Rxd8+ Rxd8 29. Nxc6 bxc6 30. Kc2 Bf6 31. Bxf6 gxf6 32. Rd1 Rxd1 33.
Kxd1 f5 34. gxf5 Kg7 35. fxe6 fxe6 36. b4 1-0

[Event "CAN-ch"]
[Site "Kingston CAN"]
[Date "2019.04.21"]
[Round "7.12"]
[White "Saha, Ananda"]
[Black "Masse, Hugues"]
[Result "1/2-1/2"]
[WhiteElo "2073"]
[BlackElo "2163"]
[PlyCount "44"]
[EventDate "2019.04.18"]
[EventType "swiss"]
[EventRounds "9"]
[EventCountry "CAN"]

1. Nf3 Nf6 2. g3 c5 3. Bg2 Nc6 4. O-O e5 5. d3 d5 6. c4 d4 7. e3 Be7 8. exd4
exd4 9. Bg5 O-O 10. a3 h6 11. Bxf6 Bxf6 12. Nbd2 Re8 13. Ne4 Be7 14. Qc2 Bf5
15. Nfd2 Qd7 16. f4 Bg6 17. Rae1 f5 18. Nf2 Bf6 19. Qa4 Be7 20. b4 a6 21. Nb3
cxb4 22. axb4 Rac8 1/2-1/2

[Event "CAN-ch"]
[Site "Kingston CAN"]
[Date "2019.04.21"]
[Round "7.13"]
[White "Rusonik, Max"]
[Black "Chen, Max"]
[Result "1-0"]
[WhiteElo "1900"]
[BlackElo "2070"]
[PlyCount "175"]
[EventDate "2019.04.18"]
[EventType "swiss"]
[EventRounds "9"]
[EventCountry "CAN"]

1. e4 c6 2. d4 d5 3. e5 c5 4. dxc5 Nc6 5. a3 e6 6. b4 a5 7. b5 Nxe5 8. Bb2 Qf6
9. Bd4 Ne7 10. Qe2 N7g6 11. Nc3 Qf4 12. Rd1 Qg4 13. Qxg4 Nxg4 14. Be2 Nf6 15.
Nf3 Be7 16. Na4 O-O 17. Nb6 Rb8 18. c4 Ne4 19. Na4 f6 20. cxd5 exd5 21. Nd2 Be6
22. Nb3 Bf7 23. f3 Ng5 24. Kf2 Ne6 25. Be3 Rfd8 26. Nb6 d4 27. Nxd4 Bxc5 28.
Nxe6 Bxe3+ 29. Kxe3 Re8 30. Bc4 Bxe6 31. Kf2 Bxc4 32. Nxc4 Rbc8 33. Rd4 Rc5 34.
a4 Rec8 35. Ne3 Ne5 36. Rhd1 Kf8 37. R1d2 Rc3 38. Rd8+ Ke7 39. Nf5+ Ke6 40.
Nxg7+ Kf7 41. Rxc8 Rxc8 42. Nf5 Ke6 43. Ne3 Rc3 44. Rd4 Ra3 45. Nd5 Kf5 46. Nb6
Nd3+ 47. Kg3 Nc1 48. Rd7 Ne2+ 49. Kf2 Nf4 50. Rd2 Nd3+ 51. Kg3 Nf4 52. h4 Nh5+
53. Kf2 Nf4 54. g4+ Kg6 55. Kg3 Nd3 56. Nc4 Rxa4 57. Rxd3 Rxc4 58. Rd7 Rb4 59.
Rxb7 a4 60. h5+ Kh6 61. Rf7 Rxb5 62. Rxf6+ Kg7 63. Ra6 Rb4 64. g5 Kf7 65. f4
Rb3+ 66. Kg4 a3 67. Ra7+ Kg8 68. h6 Rc3 69. Kf5 Kf8 70. Ke5 Rb3 71. f5 Rb5+ 72.
Kf4 Rb4+ 73. Kg3 Rb3+ 74. Kg4 Kg8 75. g6 hxg6 76. fxg6 Rb4+ 77. Kf5 Rb5+ 78.
Ke4 Rb4+ 79. Kd5 Rb5+ 80. Kc4 Rb8 81. Rxa3 Rd8 82. Ra7 Kh8 83. Kc5 Kg8 84. Kc6
Kh8 85. Rd7 Rc8+ 86. Kd6 Re8 87. Kc7 Ra8 88. Rd8+ 1-0

[Event "CAN-ch"]
[Site "Kingston CAN"]
[Date "2019.04.21"]
[Round "7.14"]
[White "Li, William"]
[Black "Gordon, David"]
[Result "1-0"]
[WhiteElo "2096"]
[BlackElo "2185"]
[PlyCount "63"]
[EventDate "2019.04.18"]
[EventType "swiss"]
[EventRounds "9"]
[EventCountry "CAN"]

1. d4 Nf6 2. c4 c5 3. d5 e6 4. Nc3 exd5 5. cxd5 d6 6. e4 g6 7. f4 Bg7 8. Bb5+
Nfd7 9. a4 O-O 10. Nf3 Na6 11. O-O Nb4 12. Re1 a6 13. Bf1 Re8 14. h3 Rb8 15.
Be3 Qc7 16. e5 dxe5 17. d6 Qc6 18. Bc4 Nb6 19. Bb5 axb5 20. axb5 Qd7 21. Bxc5
e4 22. Ne5 Bxe5 23. fxe5 Nd3 24. Bxb6 Nxe1 25. Qxe1 Rxe5 26. Bc7 Rg5 27. Nxe4
Rxg2+ 28. Kxg2 Qxh3+ 29. Kg1 Qg4+ 30. Ng3 Qf3 31. Bxb8 Bh3 32. Qf2 1-0

[Event "CAN-ch"]
[Site "Kingston CAN"]
[Date "2019.04.21"]
[Round "7.15"]
[White "Huang, Qiuyu"]
[Black "Kang, Dorian"]
[Result "1/2-1/2"]
[WhiteElo "2145"]
[BlackElo "2035"]
[PlyCount "95"]
[EventDate "2019.04.18"]
[EventType "swiss"]
[EventRounds "9"]
[EventCountry "CAN"]

1. e4 c5 2. Nf3 d6 3. d4 cxd4 4. Nxd4 Nf6 5. Nc3 g6 6. Bc4 Bg7 7. Bb3 O-O 8. h3
Nbd7 9. O-O Nc5 10. Re1 a6 11. Bg5 h6 12. Bh4 e6 13. Qf3 g5 14. Bg3 Nfd7 15.
Rad1 Ne5 16. Qh5 Kh7 17. Nf3 Qe7 18. h4 g4 19. Nxe5 Bxe5 20. Bxe5 dxe5 21. Qxe5
Nxb3 22. axb3 Qxh4 23. Na4 b5 24. Nb6 Ra7 25. Qc5 Qe7 26. Qxe7 Rxe7 27. Rd6 Bb7
28. b4 Rc7 29. Nd7 Ra8 30. c3 Kg7 31. Nc5 a5 32. Rb6 Bc6 33. Na6 Rca7 34. Rxc6
Rxa6 35. Rxa6 Rxa6 36. Ra1 a4 37. Kf1 Rd6 38. Ke2 e5 39. Rd1 Rc6 40. Rd5 a3 41.
bxa3 Rxc3 42. Rxe5 Rxa3 43. Rxb5 Rb3 44. Rb8 h5 45. g3 Rb2+ 46. Ke3 Rb3+ 47.
Kf4 f6 48. e5 1/2-1/2